000 00762nam a2200205 i 4500
001 bg
100 1 _aKUMERLÖWE, Claudia
245 1 0 _aMorphologies developing outside equilibrium in polymer blends of rigid rod and flexible chain macromolecules /
_cClaudia Kumerlöwe ; Institute of Organic and Polymer Technology. Technical University of Wrocław.
260 _aWrocław :
_bOficyna Wydawnicza Politechniki Wrocławskiej,
_c1995.
300 _a56 s. :
_bfot., rys., wykr. ;
_c24 cm.
504 _aBibliogr. s. 46-49. - Streszcz.
650 9 _aPolimery
_xchemia
_xbadanie
020 _a8370851460
040 _cBPK
041 0 _aeng
_bpol
080 _a541.6:539.19
920 _a83-7085-146-0
942 _cKS
008 s pl f |000 0 pol
999 _c30778
_d30778
856 _uhttp://koha.tu.koszalin.pl/cgi-bin/koha/opac-detail.pl?biblionumber=30778
_yKatalog online BPK